New Zealand small towns and cities Part 1 - Statistics

General Stats
  • This quiz has been taken 12 times
  • The average score is 7 of 10
Answer Stats
Hint Answer % Correct
Lemon and Paeroa
100%
Southern end of SH1 Bluff
89%
Quake city Christchurch
89%
West coast mining town Greymouth
89%
Famous for its boulders Moeraki
67%
Stewart Island Oban
67%
Tui HQ Mangatainoka
44%
Home of the golden shears Masterton
44%
Brick buildings Oamaru
44%
Between Napier and Hastings Clive
22%
No matching quizzes found
Score Distribution
Percent of People with Each Score
Percentile by Number Answered
Your Score History
You have not taken this quiz